[Event "CCT Play-in Chessable Masters 2024"]
[Site "Online"]
[Date "2024.01.31"]
[Round "9"]
[White "Tabatabaei, M. Amin"]
[Black "Sjugirov, Sanan"]
[Result "1-0"]
[WhiteElo "2696"]
[BlackElo "2695"]
[Annotator "TA"]
[PlyCount "101"]
[EventDate "2024.01.26"]
[EventType "swiss"]
[EventCountry "NET"]
[SourceTitle "playchess.com"]
[Source "ChessBase"]
[SourceQuality "1"]

1. c4 Nf6 2. g3 e6 3. Bg2 d5 4. d4 Bb4+ 5. Nd2 O-O 6. Ngf3 b6 7. O-O Bb7 8. b3 Re8 9. Bb2 Nbd7 10. Rc1 Rc8 11. Ne5 Bf8 12. cxd5 Nxe5 13. dxe5 Nxd5 14. Nc4 Qg5 15. a3 Red8 16. Qc2 Ba8 17. e4 Ne7 18. f4 Qh6 19. b4 g5 20. Kh1 gxf4 21. Rxf4 Ng6 22. Rf2 Rd7 23. Rcf1 Qg7 24. Nd6 Bxd6 25. exd6 Qf8 26. dxc7 Rcxc7 27. Qe2 Qd6 28. Qh5 Qd3 29. Bf6 Kf8 30. Qxh7 Bxe4 31. Qg7+ Ke8 32. Qg8+ Nf8 33. Bg7 Bxg2+ 34. Kxg2 Qd6 35. Rd1 Qe7 36. Bf6 Rxd1 37. Bxe7 Rxe7 38. h4 f5 39. Rc2 Rd8 40. h5 Rh7 41. h6 a5 42. Rc6 axb4 43. Rxe6+ Kd7 44. Rf6 bxa3 45. Rxf8 Rxf8 46. Qxh7+ Ke6 47. Qa7 Rh8 48. Qxb6+ Kf7 49. Qc7+ Ke6 50. Qc6+ Kf7 51. Qd7+ 1-0

[Event "CCT Play-in Chessable Masters 2024"]
[Site "Online"]
[Date "2024.01.31"]
[Round "9"]
[White "Sarana, Alexey"]
[Black "SpeedofLight0"]
[Result "1-0"]
[WhiteElo "2695"]
[BlackElo "2512"]
[Annotator "RC"]
[PlyCount "155"]
[EventDate "2024.01.26"]
[EventType "swiss"]
[EventCountry "NET"]
[SourceTitle "playchess.com"]
[Source "ChessBase"]
[SourceQuality "1"]

1. d4 d5 2. c4 e6 3. Nc3 Nf6 4. Bg5 Be7 5. e3 h6 6. Bh4 O-O 7. Qc2 b6 8. Nf3 Bb7 9. Bxf6 Bxf6 10. cxd5 exd5 11. Rd1 Nd7 12. g3 Re8 13. Nb5 Qe7 14. Qxc7 Ba6 15. Nc3 Ne5 16. Qxe5 Bxe5 17. Bxa6 Bd6 18. O-O Rac8 19. Kg2 Qe6 20. Bb7 Rxc3 21. bxc3 Rb8 22. Ba6 b5 23. Rb1 Qe8 24. c4 bxc4 25. Bb7 Qe6 26. Rb5 Qd7 27. Rfb1 c3 28. Ne1 Ba3 29. R1b3 Bb2 30. Bc6 Qxc6 31. Rxb8+ Kh7 32. R8b5 Qg6 33. Rc5 Qb1 34. Rcxc3 Qxe1 35. Rc7 Qb1 36. Rxf7 Qe4+ 37. Kg1 Qb1+ 38. Kg2 Qe4+ 39. f3 Qc2+ 40. Kh3 Bc1 41. Rbb7 Kg6 42. Rxg7+ Kf6 43. Rgf7+ Ke6 44. Rbe7+ Kd6 45. Rd7+ Ke6 46. Rfe7+ Kf6 47. Rf7+ Kg6 48. Rg7+ Kf6 49. Rdf7+ Ke6 50. f4 Bxe3 51. f5+ Qxf5+ 52. Rxf5 Kxf5 53. Rxa7 Bxd4 54. Rd7 Ke4 55. Kg2 Be3 56. Kf1 d4 57. Ke2 Bg1 58. h3 Bh2 59. g4 Bf4 60. a4 Be3 61. a5 Bg1 62. a6 Be3 63. Re7+ Kd5 64. Rxe3 dxe3 65. a7 Ke4 66. a8=Q+ Kf4 67. Qf3+ Kg5 68. Qg3 h5 69. h4+ Kh6 70. g5+ Kg6 71. Qf4 Kg7 72. Qf6+ Kg8 73. Qe7 Kh8 74. Kxe3 Kg8 75. Ke4 Kh8 76. Kf5 Kg8 77. Kg6 Kh8 78. Qe8# 1-0

[Event "CCT Play-in Chessable Masters 2024"]
[Site "Online"]
[Date "2024.01.31"]
[Round "9"]
[White "evgchess5"]
[Black "Fandorine"]
[Result "1/2-1/2"]
[WhiteElo "2695"]
[BlackElo "2617"]
[Annotator "TA"]
[PlyCount "61"]
[EventDate "2024.01.26"]
[EventType "swiss"]
[EventCountry "NET"]
[SourceTitle "playchess.com"]
[Source "ChessBase"]
[SourceQuality "1"]

1. e4 e5 2. Nf3 Nc6 3. Bc4 Nf6 4. d3 Bc5 5. O-O d6 6. c3 h6 7. Bb3 O-O 8. h3 a5 9. Re1 Ba7 10. Be3 Bxe3 11. Rxe3 Ne7 12. Nbd2 Ng6 13. Nf1 Bd7 14. Ng3 a4 15. Bc2 a3 16. b4 Nh7 17. Bb3 Ng5 18. d4 Nxf3+ 19. Qxf3 Qg5 20. Rd1 Nh4 21. Qh5 Bc6 22. Qxg5 hxg5 23. dxe5 dxe5 24. Nf5 Ng6 25. f3 Rfd8 26. Red3 Rxd3 27. Rxd3 Kf8 28. g3 Ne7 29. Ne3 f6 30. Kf2 g6 31. Rd2 1/2-1/2

[Event "CCT Play-in Chessable Masters 2024"]
[Site "Online"]
[Date "2024.01.31"]
[Round "9"]
[White "HansOnTwitch"]
[Black "Klekowski, Maciej"]
[Result "0-1"]
[WhiteElo "2692"]
[BlackElo "2477"]
[Annotator "TA"]
[PlyCount "118"]
[EventDate "2024.01.26"]
[EventType "swiss"]
[EventCountry "NET"]
[SourceTitle "playchess.com"]
[Source "ChessBase"]
[SourceQuality "1"]

1. e4 c5 2. Nf3 e6 3. b3 Nc6 4. Bb2 a6 5. c4 Qc7 6. g3 Nf6 7. e5 Ng4 8. Bg2 Ngxe5 9. Nxe5 Nxe5 10. O-O Nc6 11. Re1 Nd4 12. Nc3 Be7 13. Qg4 g6 14. Nd5 exd5 15. Bxd4 d6 16. Qh4 cxd4 17. Bxd5 Be6 18. Qxd4 O-O-O 19. Bxe6+ fxe6 20. Rxe6 d5 21. Qe3 Ba3 22. Qc3 a5 23. d4 Bb4 24. Qe3 dxc4 25. bxc4 Qd7 26. a3 Bd2 27. Qe2 Qxd4 28. Rd1 Rd7 29. Re4 Qd3 30. Qg4 Rhd8 31. Re2 Qf5 32. Qxf5 gxf5 33. Re5 f4 34. Kg2 Rd3 35. a4 R3d4 36. Re2 R8d7 37. g4 Kc7 38. h4 Kc6 39. g5 Kc5 40. Kf3 Kxc4 41. Re8 Kb3 42. h5 Rd3+ 43. Kg4 Kxa4 44. h6 b5 45. Rg8 Bc3 46. Rxd3 Rxd3 47. Rc8 b4 48. Rc4 Kb3 49. Rc7 Ka2 50. Rxh7 b3 51. Rb7 b2 52. g6 b1=Q 53. Rxb1 Kxb1 54. Kxf4 Rd7 55. Kf5 a4 56. Ke6 Ra7 57. f4 a3 58. f5 a2 59. f6 a1=Q 0-1

[Event "CCT Play-in Chessable Masters 2024"]
[Site "Online"]
[Date "2024.01.31"]
[Round "9"]
[White "Deac, Bogdan-Daniel"]
[Black "Dubov, Daniil"]
[Result "1/2-1/2"]
[WhiteElo "2690"]
[BlackElo "2708"]
[Annotator "RC"]
[PlyCount "58"]
[EventDate "2024.01.26"]
[EventType "swiss"]
[EventCountry "NET"]
[SourceTitle "playchess.com"]
[Source "ChessBase"]
[SourceQuality "1"]

1. d4 Nf6 2. Nf3 g6 3. c4 Bg7 4. Nc3 O-O 5. g3 d6 6. Bg2 Re8 7. O-O Bd7 8. Ne1 Qc8 9. e4 Bh3 10. f3 Nc6 11. d5 Ne5 12. b3 c6 13. Bb2 cxd5 14. cxd5 Qc5+ 15. Kh1 Bd7 16. Rc1 Qb6 17. Rc2 Rac8 18. Qd2 Bb5 19. Nxb5 Qxb5 20. Bxe5 dxe5 21. Nd3 h5 22. Bh3 Rxc2 23. Qxc2 h4 24. Kg2 Qb6 25. Re1 Qd6 26. Qc5 Qa6 27. Qc2 Qd6 28. Qc5 Qa6 29. Qc2 Qd6 1/2-1/2

[Event "CCT Play-in Chessable Masters 2024"]
[Site "Online"]
[Date "2024.01.31"]
[Round "9"]
[White "Svidler, Peter"]
[Black "bardiya_Daneshvar"]
[Result "1-0"]
[WhiteElo "2689"]
[BlackElo "2594"]
[Annotator "TA"]
[PlyCount "63"]
[EventDate "2024.01.26"]
[EventType "swiss"]
[EventCountry "NET"]
[SourceTitle "playchess.com"]
[Source "ChessBase"]
[SourceQuality "1"]

1. e4 c5 2. Nf3 g6 3. c3 d5 4. e5 Bg4 5. d4 Nc6 6. dxc5 e6 7. Be3 Bxf3 8. Qxf3 Bg7 9. Bb5 Qc7 10. O-O Nge7 11. Qh3 Bxe5 12. f4 Bg7 13. Nd2 Nf5 14. Nb3 Nxe3 15. Qxe3 O-O 16. Rad1 Ne7 17. Bd3 Qc6 18. Bb1 a5 19. g4 a4 20. Nc1 Rae8 21. Nd3 a3 22. Ne5 Qc7 23. b4 Nc6 24. Nf3 e5 25. f5 d4 26. Qe4 dxc3 27. g5 f6 28. fxg6 f5 29. Qc4+ Kh8 30. Qh4 h6 31. gxh6 Bf6 32. g7+ 1-0

[Event "CCT Play-in Chessable Masters 2024"]
[Site "Online"]
[Date "2024.01.31"]
[Round "9"]
[White "Shankland, Sam"]
[Black "adotand"]
[Result "0-1"]
[WhiteElo "2674"]
[BlackElo "2444"]
[Annotator "TA"]
[PlyCount "146"]
[EventDate "2024.01.26"]
[EventType "swiss"]
[EventCountry "NET"]
[SourceTitle "playchess.com"]
[Source "ChessBase"]
[SourceQuality "1"]

1. Nf3 d5 2. g3 Nf6 3. Bg2 e6 4. c4 d4 5. O-O c5 6. e3 Nc6 7. exd4 cxd4 8. d3 h6 9. Na3 Bd6 10. Nc2 e5 11. Bd2 a5 12. a3 a4 13. Bb4 O-O 14. Nd2 Bf5 15. Qe2 Qe7 16. Bxc6 bxc6 17. Nxd4 Bh3 18. Nxc6 Qc7 19. Qf3 Bxf1 20. Kxf1 Rac8 21. Na5 Rfe8 22. Re1 Ra8 23. Qc6 Red8 24. Qxc7 Bxc7 25. Nc6 Rxd3 26. Nxe5 Bxe5 27. Rxe5 Ng4 28. Re7 Rb8 29. h3 Nf6 30. Bc3 Rdd8 31. Ke2 Nd7 32. Ne4 Nb6 33. Nd2 Rbc8 34. Ba5 Rd6 35. c5 Rd7 36. Re4 Nd5 37. Rc4 Ne7 38. Bc3 Nf5 39. Ne4 Ra7 40. Kd3 Kf8 41. Bb4 Ke8 42. g4 Rd8+ 43. Kc3 Ne7 44. c6 Nd5+ 45. Kc2 Nb6 46. Rc5 Rd5 47. Rc3 Rc7 48. Bd6 Rc8 49. c7 Kd7 50. Bg3 Rd4 51. Nc5+ Ke7 52. f3 Nd5 53. Bf2 Nxc3 54. Bxd4 Nb5 55. Be5 f6 56. Bg3 Nxc7 57. Nxa4 Nd5+ 58. Kd3 Rc1 59. Bf2 Rh1 60. Nc3 Nxc3 61. Kxc3 Rxh3 62. Bc5+ Kd7 63. a4 Rxf3+ 64. Kc4 Kc6 65. b4 Rf4+ 66. Bd4 Rxg4 67. b5+ Kc7 68. a5 h5 69. Kd5 h4 70. a6 Rxd4+ 71. Kxd4 h3 72. Kc5 h2 73. b6+ Kb8 0-1

[Event "CCT Play-in Chessable Masters 2024"]
[Site "Online"]
[Date "2024.01.31"]
[Round "9"]
[White "Sargissian, Gabriel"]
[Black "shimastream"]
[Result "0-1"]
[WhiteElo "2672"]
[BlackElo "2623"]
[Annotator "TA"]
[PlyCount "98"]
[EventDate "2024.01.26"]
[EventType "swiss"]
[EventCountry "NET"]
[SourceTitle "playchess.com"]
[Source "ChessBase"]
[SourceQuality "1"]

1. d4 d5 2. c4 e6 3. Nf3 Nd7 4. Nc3 Ngf6 5. Bg5 h6 6. Bh4 Be7 7. e3 O-O 8. Rc1 c6 9. Bd3 dxc4 10. Bxc4 a6 11. O-O b5 12. Be2 Bb7 13. Ne5 c5 14. Bf3 Bxf3 15. Nxf3 Rc8 16. Qe2 c4 17. Rfd1 Nd5 18. Bxe7 Qxe7 19. a4 Qb4 20. Qd2 N7f6 21. axb5 axb5 22. e4 Nb6 23. Ra1 Ra8 24. Qc2 Na4 25. Nxa4 bxa4 26. Nd2 Rfc8 27. Ra3 Nd7 28. Qc3 Qb5 29. h3 Rab8 30. Ra2 Nb6 31. Nf3 Qb3 32. Rda1 Qb5 33. Ne5 Rd8 34. Nf3 Rb7 35. Ra3 Rbd7 36. R3a2 f6 37. Re1 Ra8 38. Ra3 Rc7 39. Qc2 Rb7 40. Qc3 Nc8 41. Re2 Qc6 42. Nd2 Nd6 43. Ra2 Rc8 44. Qc2 Nb5 45. Nf3 c3 46. Kh2 Qd7 47. Qxa4 Ra7 48. Qb3 Rxa2 49. Qxa2 c2 0-1

[Event "CCT Play-in Chessable Masters 2024"]
[Site "Online"]
[Date "2024.01.31"]
[Round "9"]
[White "Oparin, Grigoriy"]
[Black "JSPrepz"]
[Result "0-1"]
[WhiteElo "2664"]
[BlackElo "2560"]
[Annotator "TA"]
[PlyCount "136"]
[EventDate "2024.01.26"]
[EventType "swiss"]
[EventCountry "NET"]
[SourceTitle "playchess.com"]
[Source "ChessBase"]
[SourceQuality "1"]

1. d4 d5 2. c4 dxc4 3. Nf3 Nf6 4. e3 b5 5. a4 b4 6. Bxc4 e6 7. O-O Be7 8. Qe2 Bb7 9. Rd1 Nbd7 10. a5 a6 11. b3 O-O 12. Bb2 c5 13. Nbd2 Qc7 14. Bd3 Rfd8 15. Nc4 Nd5 16. Rac1 Rac8 17. Nfe5 N7f6 18. h3 cxd4 19. exd4 Nc3 20. Bxc3 bxc3 21. Rxc3 Bb4 22. Rcc1 Qe7 23. Qe3 Nd5 24. Qe4 f5 25. Qe2 Nc3 26. Qe3 Nxd1 27. Rxd1 Rc7 28. Be2 Be4 29. Nd3 Rcd7 30. Nde5 Rc7 31. Nd3 Bd6 32. Nxd6 Qxd6 33. Nc5 Bd5 34. b4 Ra8 35. Re1 Re7 36. Bd3 Ree8 37. Qe2 Qf4 38. Nxa6 Rec8 39. b5 Qxd4 40. b6 Rc3 41. Nc7 Rxd3 42. Nxa8 Rg3 43. Nc7 Rxg2+ 44. Kf1 Bc4 45. Kxg2 Bxe2 46. Rxe2 Qc5 47. Rxe6 Qxa5 48. b7 Qxc7 49. Re8+ Kf7 50. b8=Q Qc6+ 51. Kg1 Qxe8 52. Qc7+ Qe7 53. Qc4+ Qe6 54. Qc7+ Kf6 55. Qc3+ Kg6 56. Qg3+ Kf7 57. Qc7+ Qe7 58. Qc4+ Kg6 59. Qc3 h6 60. Qg3+ Qg5 61. Kg2 Qxg3+ 62. Kxg3 Kf6 63. Kh4 g6 64. f3 Ke5 65. f4+ Ke4 66. Kg3 g5 67. fxg5 hxg5 68. Kf2 Kf4 0-1

[Event "CCT Play-in Chessable Masters 2024"]
[Site "Online"]
[Date "2024.01.31"]
[Round "9"]
[White "Volokitin, Andrei"]
[Black "Cuenca Jimenez, Jose Fernando"]
[Result "1-0"]
[WhiteElo "2663"]
[BlackElo "2514"]
[Annotator "TA"]
[PlyCount "73"]
[EventDate "2024.01.26"]
[EventType "swiss"]
[EventCountry "NET"]
[SourceTitle "playchess.com"]
[Source "ChessBase"]
[SourceQuality "1"]

1. e4 d6 2. d4 Nf6 3. Nc3 e5 4. Nf3 Nbd7 5. Bc4 Be7 6. O-O O-O 7. a4 c6 8. Re1 h6 9. h3 Re8 10. a5 Qc7 11. dxe5 dxe5 12. Nh4 Nc5 13. Qf3 Ne6 14. Nf5 Nd4 15. Nxd4 exd4 16. Bf4 Bd6 17. e5 Bxe5 18. Rxe5 Rxe5 19. Qg3 dxc3 20. Bxe5 cxb2 21. Rb1 Qe7 22. Rxb2 Ne8 23. Rb3 Be6 24. Bxe6 fxe6 25. Qe3 Qd7 26. Qd3 Qe7 27. Qe3 Qd7 28. Kh2 Qf7 29. Qc5 Qd7 30. Qb4 b6 31. axb6 axb6 32. Qxb6 Qd5 33. f4 Nf6 34. Bxf6 gxf6 35. Qb7 Rd8 36. Rg3+ Kf8 37. Rg7 1-0

[Event "CCT Play-in Chessable Masters 2024"]
[Site "Online"]
[Date "2024.01.31"]
[Round "9"]
[White "alexrustemov"]
[Black "Sasikiran, Krishnan"]
[Result "1/2-1/2"]
[WhiteElo "2655"]
[BlackElo "2586"]
[Annotator "TA"]
[PlyCount "108"]
[EventDate "2024.01.26"]
[EventType "swiss"]
[EventCountry "NET"]
[SourceTitle "playchess.com"]
[Source "ChessBase"]
[SourceQuality "1"]

1. d4 Nf6 2. c4 g6 3. g3 Bg7 4. Bg2 O-O 5. Nc3 d6 6. Nf3 Nbd7 7. d5 Nb6 8. Nd2 c6 9. dxc6 bxc6 10. Bxc6 Bh3 11. Bxa8 Qxa8 12. f3 Qc6 13. e4 Nxc4 14. Nxc4 Qxc4 15. Qe2 Qc7 16. Kf2 Rb8 17. Be3 Qb7 18. Rhd1 h5 19. Rac1 Qxb2 20. Rb1 Qxe2+ 21. Kxe2 Rc8 22. Rdc1 Be6 23. Bxa7 Kh7 24. Bd4 Ra8 25. a4 Bh6 26. Be3 Bg7 27. Kd3 Nd7 28. Bd4 Nc5+ 29. Bxc5 dxc5 30. Rb7 c4+ 31. Kc2 Bxc3 32. Kxc3 Rxa4 33. Rxe7 Ra3+ 34. Kd4 Rxf3 35. Rc3 Rf2 36. h4 Kg7 37. Ke3 Rf1 38. Rc7 Kf6 39. Rc5 Ke7 40. e5 Kf8 41. Ra3 Kg7 42. Ra7 g5 43. hxg5 Kg6 44. Ra8 Kxg5 45. Rg8+ Kf5 46. Rh8 Kg4 47. Rg8+ Kh3 48. Rg5 Bg4 49. Rxc4 Kxg3 50. Rg7 Rf3+ 51. Kd2 Rf2+ 52. Ke3 Rf3+ 53. Kd2 Rf2+ 54. Ke3 Rf3+ 1/2-1/2

[Event "CCT Play-in Chessable Masters 2024"]
[Site "Online"]
[Date "2024.01.31"]
[Round "9"]
[White "Sadhwani, Raunak"]
[Black "Bernadskiy, Vitaliy"]
[Result "0-1"]
[WhiteElo "2654"]
[BlackElo "2566"]
[Annotator "TA"]
[PlyCount "46"]
[EventDate "2024.01.26"]
[EventType "swiss"]
[EventCountry "NET"]
[SourceTitle "playchess.com"]
[Source "ChessBase"]
[SourceQuality "1"]

1. e4 c6 2. d4 d5 3. e5 Bf5 4. Nf3 e6 5. Be2 Bg6 6. O-O Nh6 7. Bxh6 gxh6 8. c4 Bg7 9. Nc3 O-O 10. Qb3 Qb6 11. Qa3 Na6 12. c5 Qb4 13. Qxb4 Nxb4 14. a3 Na6 15. Bxa6 bxa6 16. Nd2 Rab8 17. b3 a5 18. Ra2 f6 19. f4 fxe5 20. fxe5 h5 21. Rxf8+ Bxf8 22. Rb2 Bh6 23. Nf3 Bc1 0-1

[Event "CCT Play-in Chessable Masters 2024"]
[Site "Online"]
[Date "2024.01.31"]
[Round "9"]
[White "Shevchenko, Kirill"]
[Black "Keymer, Vincent"]
[Result "1/2-1/2"]
[WhiteElo "2651"]
[BlackElo "2743"]
[Annotator "TA"]
[PlyCount "59"]
[EventDate "2024.01.26"]
[EventType "swiss"]
[EventCountry "NET"]
[SourceTitle "playchess.com"]
[Source "ChessBase"]
[SourceQuality "1"]

1. e4 c6 2. d4 d5 3. exd5 cxd5 4. c4 Nf6 5. Nc3 Nc6 6. Nf3 a6 7. cxd5 Nxd5 8. Bc4 e6 9. O-O Be7 10. h3 O-O 11. Nxd5 exd5 12. Bd3 Bf6 13. Be3 Re8 14. Rc1 Be6 15. Qd2 Rc8 16. Rc3 Qd7 17. Bg5 Bxg5 18. Qxg5 f6 19. Qh5 g6 20. Qh4 Kg7 21. Qf4 Ne7 22. Rfc1 Rxc3 23. Rxc3 Rc8 24. Rxc8 Qxc8 25. Qe3 Qd7 26. Ne1 Bf5 27. Nc2 Bxd3 28. Qxd3 Nf5 29. Ne3 Nxe3 30. Qxe3 1/2-1/2

[Event "CCT Play-in Chessable Masters 2024"]
[Site "Online"]
[Date "2024.01.31"]
[Round "9"]
[White "Pichot, Alan"]
[Black "Donchenko, Alexander"]
[Result "1-0"]
[WhiteElo "2644"]
[BlackElo "2643"]
[Annotator "RC"]
[PlyCount "131"]
[EventDate "2024.01.26"]
[EventType "swiss"]
[EventCountry "NET"]
[SourceTitle "playchess.com"]
[Source "ChessBase"]
[SourceQuality "1"]

1. e4 c6 2. d4 d5 3. e5 Bf5 4. Nd2 e6 5. Nb3 a6 6. Nf3 Nd7 7. Be3 Rc8 8. Be2 c5 9. c3 h6 10. O-O c4 11. Nbd2 Ne7 12. Nh4 Bh7 13. f4 h5 14. Bxh5 Bd3 15. f5 Nxf5 16. Nxf5 Bxf5 17. g4 Bg6 18. Bxg6 fxg6 19. Qc2 Qb6 20. Qxg6+ Kd8 21. Rf7 Kc7 22. Nf3 Re8 23. b3 cxb3 24. axb3 Kc8 25. Bg5 Qxb3 26. Rb1 Qa4 27. h4 Ba3 28. Rxg7 Rhf8 29. Rf7 Qc6 30. Rxf8 Rxf8 31. Qd3 Rg8 32. c4 Bf8 33. Rc1 Kb8 34. Kg2 dxc4 35. Rxc4 Qd5 36. Rc3 Bb4 37. Rb3 a5 38. Qb1 Rf8 39. h5 Rg8 40. Kg3 Nf8 41. Rxb4 axb4 42. Qxb4 Nh7 43. Bf4 Qe4 44. Qd6+ Ka8 45. Qxe6 Rf8 46. Qa2+ Kb8 47. Qd2 Ka8 48. g5 Qf5 49. e6 Qxe6 50. Qa5+ Qa6 51. Qxa6+ bxa6 52. h6 Rg8 53. Kg4 a5 54. Kh5 Nf8 55. Ne5 a4 56. g6 a3 57. Bc1 a2 58. Bb2 Kb7 59. g7 Ne6 60. h7 Nxg7+ 61. Kg6 Rh8 62. Kxg7 Rxh7+ 63. Kxh7 Kc7 64. Kg6 Kd6 65. Kf5 Kd5 66. Kf4 1-0

[Event "CCT Play-in Chessable Masters 2024"]
[Site "Online"]
[Date "2024.01.31"]
[Round "9"]
[White "Sargsyan_Shant"]
[Black "Predke, Alexandr"]
[Result "0-1"]
[WhiteElo "2640"]
[BlackElo "2668"]
[Annotator "RC"]
[PlyCount "84"]
[EventDate "2024.01.26"]
[EventType "swiss"]
[EventCountry "NET"]
[SourceTitle "playchess.com"]
[Source "ChessBase"]
[SourceQuality "1"]

1. d4 Nf6 2. Nf3 b6 3. g3 Bb7 4. c4 e6 5. Bg2 Bb4+ 6. Bd2 a5 7. O-O O-O 8. a3 Bxd2 9. Qxd2 d6 10. Qd3 Nbd7 11. Nc3 c6 12. Rfc1 d5 13. Nd2 Ba6 14. b4 axb4 15. axb4 dxc4 16. Nxc4 Nd5 17. b5 cxb5 18. Bxd5 bxc4 19. Bxc4 Bb7 20. e4 Qe7 21. Nb5 e5 22. d5 Nc5 23. Qe3 Rxa1 24. Rxa1 Ba6 25. Rb1 Bxb5 26. Bxb5 Ra8 27. Bc6 Ra6 28. h4 h6 29. h5 Qc7 30. Qe2 Ra3 31. Qc4 Rd3 32. Ra1 Rd4 33. Ra8+ Kh7 34. Qa2 Qe7 35. d6 Qf6 36. Qe2 Qxd6 37. Bd5 Qf6 38. Rf8 Ne6 39. Rb8 Rb4 40. Kg2 Nd4 41. Qd2 Qf3+ 42. Kh2 Rb1 0-1

[Event "CCT Play-in Chessable Masters 2024"]
[Site "Online"]
[Date "2024.01.31"]
[Round "9"]
[White "Fressinet, Laurent"]
[Black "LevonAronian"]
[Result "0-1"]
[WhiteElo "2637"]
[BlackElo "2720"]
[Annotator "TA"]
[PlyCount "98"]
[EventDate "2024.01.26"]
[EventType "swiss"]
[EventCountry "NET"]
[SourceTitle "playchess.com"]
[Source "ChessBase"]
[SourceQuality "1"]

1. d4 Nf6 2. Nf3 d5 3. c4 e6 4. Nc3 Bb4 5. cxd5 exd5 6. Bg5 h6 7. Bh4 Bf5 8. e3 Nbd7 9. Be2 c6 10. O-O O-O 11. Ne5 Qa5 12. Nxd7 Nxd7 13. Qb3 Nb6 14. a3 Bxc3 15. Qxc3 Qxc3 16. bxc3 Na4 17. Rfc1 b5 18. f3 Rfe8 19. Bf2 a5 20. Ra2 Nb6 21. Re1 a4 22. Bf1 h5 23. h3 f6 24. g4 Bg6 25. Bg3 Re6 26. Kf2 Rf8 27. Bc7 Nd7 28. Bg2 Rfe8 29. Rae2 hxg4 30. hxg4 Bd3 31. Rd2 Bc4 32. e4 g5 33. Re3 Nf8 34. Rd1 Ng6 35. Bg3 Kg7 36. Rh1 R8e7 37. Rc1 Nf4 38. Bxf4 gxf4 39. Ree1 Bd3 40. exd5 Re2+ 41. Rxe2 Rxe2+ 42. Kg1 cxd5 43. Bf1 Rd2 44. Bxd3 Rxd3 45. Rb1 Rxf3 46. Rxb5 Rxc3 47. Rxd5 Rxa3 48. Ra5 Ra1+ 49. Kf2 a3 0-1

[Event "CCT Play-in Chessable Masters 2024"]
[Site "Online"]
[Date "2024.01.31"]
[Round "9"]
[White "crescentmoon"]
[Black "Angry_Twin"]
[Result "1-0"]
[WhiteElo "2635"]
[BlackElo "2506"]
[Annotator "RC"]
[PlyCount "103"]
[EventDate "2024.01.26"]
[EventType "swiss"]
[EventCountry "NET"]
[SourceTitle "playchess.com"]
[Source "ChessBase"]
[SourceQuality "1"]

1. d4 Nf6 2. c4 e6 3. Nf3 d5 4. g3 Bb4+ 5. Bd2 Be7 6. Bg2 O-O 7. O-O Nbd7 8. Qc2 c6 9. Rc1 a5 10. b3 b6 11. Bc3 Bb7 12. Nbd2 c5 13. Qb2 h6 14. Ne5 Nxe5 15. dxe5 Ne8 16. cxd5 exd5 17. Nc4 Rb8 18. Rd1 d4 19. Bxb7 Rxb7 20. Be1 Nc7 21. a4 Qd5 22. Qc2 f5 23. exf6 Bxf6 24. e4 Qe6 25. e5 Be7 26. f4 Nd5 27. Bd2 Rd7 28. Qd3 g6 29. Rf1 h5 30. Rf2 Bd8 31. Raf1 Ne7 32. Rg2 Nf5 33. h3 h4 34. g4 Ng3 35. Rf3 Qc6 36. Be1 Ne4 37. f5 Ng5 38. Rf1 Qe4 39. Qxe4 Nxe4 40. e6 Rg7 41. Kh1 gxf5 42. gxf5 Rxg2 43. Kxg2 Bc7 44. Bxh4 Kg7 45. f6+ Nxf6 46. e7 Re8 47. Bxf6+ Kg6 48. h4 d3 49. Bg5 Kg7 50. Rf8 Rxf8 51. Bh6+ Kxh6 52. exf8=Q+ 1-0

[Event "CCT Play-in Chessable Masters 2024"]
[Site "Online"]
[Date "2024.01.31"]
[Round "9"]
[White "Mishra, Abhimanyu"]
[Black "Iturrizaga Bonelli, Eduardo"]
[Result "1-0"]
[WhiteElo "2627"]
[BlackElo "2600"]
[Annotator "RC"]
[PlyCount "87"]
[EventDate "2024.01.26"]
[EventType "swiss"]
[EventCountry "NET"]
[SourceTitle "playchess.com"]
[Source "ChessBase"]
[SourceQuality "1"]

1. e4 c5 2. Nf3 e6 3. c3 d5 4. exd5 Qxd5 5. d4 Nf6 6. Na3 Nc6 7. Be3 cxd4 8. Nb5 Qd8 9. Nbxd4 Bd7 10. Nxc6 bxc6 11. Ne5 Qc7 12. Nxd7 Nxd7 13. Be2 Bd6 14. g3 O-O 15. b4 Nf6 16. O-O Nd5 17. Bd2 Be5 18. Qc2 a5 19. Rab1 Rfd8 20. Rfc1 Nf6 21. Be3 Nd5 22. Bd2 Nf6 23. Be1 h5 24. h4 g6 25. Rd1 Rxd1 26. Bxd1 axb4 27. cxb4 Qa7 28. Kg2 Qxa2 29. Qxc6 Ra3 30. Qc2 Qd5+ 31. Kg1 Bd4 32. Rb3 Ra1 33. Rb1 Ra8 34. Qb3 Qe5 35. Kf1 Ne4 36. Bf3 Rc8 37. Qd3 Nc3 38. Rc1 Rc7 39. Kg2 Kg7 40. Bd2 Rc8 41. b5 Qf6 42. b6 e5 43. b7 Rb8 44. Bxc3 1-0

[Event "CCT Play-in Chessable Masters 2024"]
[Site "Online"]
[Date "2024.01.31"]
[Round "9"]
[White "Micki-taryan"]
[Black "Nemegejas"]
[Result "1-0"]
[WhiteElo "2621"]
[BlackElo "2223"]
[Annotator "RC"]
[PlyCount "91"]
[EventDate "2024.01.26"]
[EventType "swiss"]
[EventCountry "NET"]
[SourceTitle "playchess.com"]
[Source "ChessBase"]
[SourceQuality "1"]

1. d4 Nf6 2. c4 e6 3. Nf3 d5 4. Nc3 c6 5. Bg5 h6 6. Bxf6 Qxf6 7. e3 Nd7 8. Be2 g6 9. O-O Bg7 10. cxd5 exd5 11. b4 a6 12. a4 O-O 13. b5 a5 14. Qb3 Qd6 15. Rfc1 Re8 16. Bd3 Rb8 17. Rab1 Nb6 18. Nd2 Be6 19. Ne2 Rec8 20. bxc6 bxc6 21. Qc2 Qd8 22. Rb3 Bd7 23. Qa2 Bf8 24. Nf3 c5 25. dxc5 Bxc5 26. Bb5 Bb4 27. Rd1 Bxb5 28. axb5 Qe8 29. Ned4 Ra8 30. Nc6 Bd6 31. Rbd3 a4 32. h4 h5 33. Ng5 a3 34. e4 Ra4 35. g3 Rxe4 36. Nxe4 Qxe4 37. Rxa3 Bxa3 38. Qxa3 Re8 39. Qc5 Qf3 40. Rc1 Nc4 41. b6 Qe4 42. Qb4 Qf5 43. b7 Kh7 44. b8=Q Rxb8 45. Qxb8 Nd2 46. Qf4 1-0

[Event "CCT Play-in Chessable Masters 2024"]
[Site "Online"]
[Date "2024.01.31"]
[Round "9"]
[White "Hakobyan, Aram"]
[Black "Alonso Rosell, Alvar"]
[Result "1-0"]
[WhiteElo "2616"]
[BlackElo "2562"]
[Annotator "RC"]
[PlyCount "89"]
[EventDate "2024.01.26"]
[EventType "swiss"]
[EventCountry "NET"]
[SourceTitle "playchess.com"]
[Source "ChessBase"]
[SourceQuality "1"]

1. d4 Nf6 2. c4 c5 3. d5 e6 4. Nc3 exd5 5. cxd5 d6 6. e4 g6 7. f4 Bg7 8. Bb5+ Nfd7 9. a4 O-O 10. Nf3 Na6 11. O-O Nb4 12. Be3 a6 13. Be2 Bh6 14. Qd2 Nf6 15. Ng5 Re8 16. Bf3 Bg4 17. f5 Bxf3 18. Rxf3 Ng4 19. Bf4 Nc2 20. fxg6 fxg6 21. Nf7 Kxf7 22. Bxh6+ Kg8 23. Bg5 Qb6 24. Qxc2 c4+ 25. Kh1 Rf8 26. Raf1 h6 27. Bc1 Ne5 28. Rxf8+ Rxf8 29. Rxf8+ Kxf8 30. Bxh6+ Kg8 31. Nd1 Ng4 32. Bf4 Qd4 33. Bg3 b5 34. axb5 axb5 35. e5 dxe5 36. Qxg6+ Kh8 37. Qe8+ Kh7 38. Qh5+ Kg8 39. Qg5+ Kh7 40. Qf5+ Kg8 41. Nf2 b4 42. Qxg4+ Qxg4 43. Nxg4 c3 44. Bxe5 Kf7 45. Bxc3 1-0

[Event "CCT Play-in Chessable Masters 2024"]
[Site "Online"]
[Date "2024.01.31"]
[Round "9"]
[White "Santos Latasa, Jaime"]
[Black "Kravtsiv, Martyn"]
[Result "0-1"]
[WhiteElo "2615"]
[BlackElo "2598"]
[Annotator "RC"]
[PlyCount "68"]
[EventDate "2024.01.26"]
[EventType "swiss"]
[EventCountry "NET"]
[SourceTitle "playchess.com"]
[Source "ChessBase"]
[SourceQuality "1"]

1. d4 d5 2. c4 e6 3. Nc3 Nf6 4. cxd5 exd5 5. Bg5 Be7 6. e3 c6 7. Bd3 Nbd7 8. Nf3 O-O 9. h3 Re8 10. Qc2 Ne4 11. Bf4 Ndf6 12. Ne5 g6 13. O-O Bf5 14. g4 Be6 15. Ne2 Rc8 16. f3 Nd6 17. Rac1 Nd7 18. b3 Nf8 19. Bh6 f6 20. Bxg6 hxg6 21. Bxf8 Bxf8 22. Nxg6 Bf7 23. Kf2 Ne4+ 24. fxe4 Bxg6 25. Ng3 Bxe4 26. Nxe4 Rxe4 27. Kg2 Qe7 28. Rf3 Rxe3 29. Qg6+ Bg7 30. Rcf1 Qe4 31. Qh5 Re8 32. g5 Rxf3 33. Rxf3 Qe2+ 34. Kg3 Re3 0-1